001870000a2200073000450024500210000004100140002110000390003577300390007410aAristolochiaceae0 aEspañol1 aGonzález Garavito, Favio Antonio1 tFlora de Colombiah12q9-177d1990